LEADER 00824cam0-2200277---450- 001 990005699940403321 005 20150921131913.0 035 $a000569994 035 $aFED01000569994 035 $a(Aleph)000569994FED01 035 $a000569994 100 $a19990604d1879----km-y1itay50------ba 101 0 $afre 105 $ayf------00--- 200 1 $aÉtudes sur les idiomes pyrénéens de la règion française$fpar Achille Luchaire 210 $aParis$cMaisonneuve et C.ie$d1879 215 $aXII, 373 p., 1 tav. rip.$d23 cm 610 0 $aLingua francese$aDialetti 676 $a447$v22$zita 700 1$aLuchaire,$bAchille$f<1846-1908>$0218826 801 0$aIT$bUNINA$gREICAT$2UNIMARC 901 $aBK 912 $a990005699940403321 952 $a447 LUC 1$bIst.Glott. s.i.$fFLFBC 959 $aFLFBC 997 $aUNINA LEADER 02157nam0 22004693i 450 001 VAN00233764 005 20240806101333.640 017 70$2N$a9783030535025 100 $a20211102d2020 |0itac50 ba 101 $aeng 102 $aCH 105 $a|||| ||||| 200 1 $aWeigh Them All!$eCosmological Searches for the Neutrino Mass Scale and Mass Ordering$eDoctoral Thesis accepted by Stockholm University, Stockholm, Sweden$fSunny Vagnozzi 210 $aCham$cSpringer$d2020 215 $axxxi, 195 p.$cill.$d24 cm 410 1$1001VAN00104193$12001 $aSpringer theses$erecognizing outstanding Ph.D. research$1210 $aBerlin$cSpringer$d2010- 500 1$3VAN00233765$aWeigh Them All!$92057022 606 $a81-XX$xQuantum theory [MSC 2020]$3VANC019967$2MF 606 $a81Txx$xQuantum field theory; related classical field theories [MSC 2020]$3VANC027580$2MF 606 $a83-XX$xRelativity and gravitational theory [MSC 2020]$3VANC023243$2MF 606 $a83Fxx$xCosmology [MSC 2020]$3VANC023580$2MF 610 $aBayesian Statistics$9KW:K 610 $aCosmic Microwave Background$9KW:K 610 $aCosmic inflation$9KW:K 610 $aData Analysis in Cosmology$9KW:K 610 $aDetermination of Neutrino Masses$9KW:K 610 $aGalaxy Surveys$9KW:K 610 $aLarge scale structure of the universe$9KW:K 610 $aNeutrino Cosmology$9KW:K 610 $aNeutrino Mass Ordering$9KW:K 610 $aNeutrinos and Dark Energy$9KW:K 620 $aCH$dCham$3VANL001889 700 1$aVagnozzi$bSunny$3VANV193923$0917418 712 $aSpringer $3VANV108073$4650 801 $aIT$bSOL$c20250606$gRICA 856 4 $uhttp://doi.org/10.1007/978-3-030-53502-5$zE-book ? Accesso al full-text attraverso riconoscimento IP di Ateneo, proxy e/o Shibboleth 899 $aBIBLIOTECA DEL DIPARTIMENTO DI MATEMATICA E FISICA$1IT-CE0120$2VAN08 912 $fN 912 $aVAN00233764 950 $aBIBLIOTECA DEL DIPARTIMENTO DI MATEMATICA E FISICA$d08DLOAD e-book 4416 $e08eMF4416 20211102 996 $aWeigh Them All$92057022 997 $aUNICAMPANIA